000 00346nam a2200145Ia 4500
008 230711s9999||||xx |||||||||||||| ||und||
041 _aENG
082 _a530
_bRI-M
100 _aRichtmyer,FLK
245 0 _aModern Physics
250 _a1st Ed.
260 _c1989
_aNew Delhi
_bTata McGraw Hill Education Limited
650 _aPhysics
942 _cBK
999 _c910
_d910